Tres poetas de posguerra: Celaya, González y Caballero Bonald (Record no. 13665)

MARC details
000 -LEADER
campo de control de longitud fija 01298nam a2200325 i 4500
001 - NÚMERO DE CONTROL
campo de control 13665
003 - IDENTIFICADOR DE NÚMERO DE CONTROL
campo de control ES-MaACL
005 - FECHA Y HORA DE LA ÚLTIMA TRANSACCIÓN
campo de control 20251012191949.0
007 - CAMPO FIJO DE DESCRIPCIÓN FÍSICA--INFORMACIÓN GENERAL
campo de control de longitud fija t|
008 - DATOS DE LONGITUD FIJA--INFORMACIÓN GENERAL
campo de control de longitud fija 900504s1988 xxk ||||0| spa j ..|
015 ## - NÚMERO DE BIBLIOGRAFÍA NACIONAL
Número de bibliografía nacional 1990-ABR-8014
016 7# - NÚMERO DE CONTROL DE UNA AGENCIA BIBLIOGRÁFICA NACIONAL
Número de control cancelado/no válido SAB9000080455
020 ## - NÚMERO INTERNACIONAL ESTÁNDAR DEL LIBRO
Número Internacional Estándar del Libro 0-7293-0277-6
040 ## - FUENTE DE CATALOGACIÓN
Centro catalogador/agencia de origen M-BN-DP
Lengua de catalogación spa
Centro/agencia transcriptor M-BN-DP
080 ## - NÚMERO DE LA CLASIFICACIÓN DECIMAL UNIVERSAL
Número de la Clasificación Decimal Universal 860 Celaya, Gabriel 1.06
080 ## - NÚMERO DE LA CLASIFICACIÓN DECIMAL UNIVERSAL
Número de la Clasificación Decimal Universal 860 González, Angel 1.06
080 ## - NÚMERO DE LA CLASIFICACIÓN DECIMAL UNIVERSAL
Número de la Clasificación Decimal Universal 860 Caballero Bonald, J. M. 1.06
100 1# - ENTRADA PRINCIPAL--NOMBRE DE PERSONA
Nombre de persona Villanueva, Tino.
9 (RLIN) 115033
245 10 - MENCIÓN DEL TÍTULO
Título Tres poetas de posguerra: Celaya, González y Caballero Bonald
Resto del título : (estudios y entrevistas) /
Mención de responsabilidad, etc. Tino Villanueva.
260 ## - PUBLICACIÓN, DISTRIBUCIÓN, ETC.
Lugar de publicación, distribución, etc. London :
Nombre del editor, distribuidor, etc. Tamesis Books ;
Lugar de publicación, distribución, etc. Madrid :
Nombre del editor, distribuidor, etc. Castalia [distribuidor],
Fecha de publicación, distribución, etc. D.L. 1988.
300 ## - DESCRIPCIÓN FÍSICA
Extensión 381 p. ;
Dimensiones 25 cm.
490 1# - MENCIÓN DE SERIE
Mención de serie Colección Támesis. Serie A. Monografías ;
Designación de volumen o secuencia 130
504 ## - NOTA DE BIBLIOGRAFÍA, ETC.
Nota de bibliografía, etc. Bibliografía: p. 365-369. Indice.
600 14 - PUNTO DE ACCESO ADICIONAL DE MATERIA--NOMBRE DE PERSONA
Nombre de persona Celaya, Gabriel,
Fechas asociadas al nombre 1911-1991-
Subdivisión general Crítica e interpretación
9 (RLIN) 37347
600 14 - PUNTO DE ACCESO ADICIONAL DE MATERIA--NOMBRE DE PERSONA
Nombre de persona González, Ángel,
Fechas asociadas al nombre 1925-2008-
Subdivisión general Crítica e interpretación
9 (RLIN) 58281
600 14 - PUNTO DE ACCESO ADICIONAL DE MATERIA--NOMBRE DE PERSONA
Nombre de persona Caballero Bonald, José Manuel,
Fechas asociadas al nombre 1926-2021-
Subdivisión general Crítica e interpretación
9 (RLIN) 33098
830 0# - PUNTO DE ACCESO ADICIONAL DE SERIE-TÍTULO UNIFORME
Título uniforme Colección Támesis. Serie A. Monografías ;
Designación de volumen o secuencia 130
9 (RLIN) 180336
852 ## - LOCALIZACIÓN
Ubicación ES-MaACL
Número de control de estantería L-21041
Sublocalización o colección R.115529
Holdings
Estatus retirado Estado de pérdida Estado de daño No para préstamo Biblioteca de origen Biblioteca actual Ubicación en estantería Fecha de adquisición Fuente de adquisición Total de préstamos Signatura topográfica completa Código de barras Visto por última vez Precio de reemplazo Tipo de ítem Koha
        Biblioteca del Ateneo de Madrid Biblioteca del Ateneo de Madrid Depósito 2 17/01/2008     L-21041 1013909 23/02/2023 23/02/2023 Libro impreso